| 000 -LEADER |
| fixed length control field |
02087cam a2200253 i 4500 |
| 003 - CONTROL NUMBER IDENTIFIER |
| control field |
OSt |
| 005 - DATE AND TIME OF LATEST TRANSACTION |
| control field |
20260416130758.0 |
| 008 - FIXED-LENGTH DATA ELEMENTS--GENERAL INFORMATION |
| fixed length control field |
120124s2012 nyua b 001 0 eng |
| 020 ## - INTERNATIONAL STANDARD BOOK NUMBER |
| International Standard Book Number |
9781847885760 |
| Qualifying information |
paper |
| 042 ## - AUTHENTICATION CODE |
| Authentication code |
pcc |
| 082 00 - DEWEY DECIMAL CLASSIFICATION NUMBER |
| Classification number |
745.4 |
| Edition number |
23 |
| 245 00 - TITLE STATEMENT |
| Title |
Design and designing : |
| Remainder of title |
a critical introduction / |
| Statement of responsibility, etc |
edited by Steve Garner and Chris Evans. |
| 260 ## - PUBLICATION, DISTRIBUTION, ETC. (IMPRINT) |
| Place of publication, distribution, etc |
New York : |
| Name of publisher, distributor, etc |
Berg Publishers, |
| Date of publication, distribution, etc |
2012. |
| 300 ## - PHYSICAL DESCRIPTION |
| Extent |
xxiv, 483 pages : |
| Other physical details |
illustrations ; |
| Dimensions |
24 cm |
| 504 ## - BIBLIOGRAPHY, ETC. NOTE |
| Bibliography, etc |
Includes bibliographical references (pages 461-472) and index. |
| 520 ## - SUMMARY, ETC. |
| Summary, etc |
"Design and Designing will provide the reader with a very broad and critical understanding of what is an essentially practical subject. Designing today is less a craft and more a part of the knowledge economy. It's all about knowing how to acquire knowledge and how to creatively apply it. Design and Designing covers the design process, modeling and drawing, working with clients, production and consumption, sustainability, professional practice and design futures. Chapters are written by expert teachers and practitioners from around the globe, each aiming to present an accessible and engaging overview of their part of Design. Chapters are illustrated with a wide range of images and information boxes, which extend or highlight key material. Each section concludes with a Design Project, a hands-on activity for the reader.Design and Designing covers the full range of the subject from graphic communication, to product design, to fashion and games design, setting all in their aesthetic, ethical and social contexts. The aim is for the reader to learn from today's best practice and best thinking, to develop a critical sense, to become the designers of tomorrow"-- |
| 650 #0 - SUBJECT ADDED ENTRY--TOPICAL TERM |
| Topical term or geographic name as entry element |
Design. |
| 650 #7 - SUBJECT ADDED ENTRY--TOPICAL TERM |
| Topical term or geographic name as entry element |
DESIGN / Graphic Arts / General. |
| Source of heading or term |
bisacsh |
| 650 #7 - SUBJECT ADDED ENTRY--TOPICAL TERM |
| Topical term or geographic name as entry element |
DESIGN / Product. |
| Source of heading or term |
bisacsh |
| 650 #7 - SUBJECT ADDED ENTRY--TOPICAL TERM |
| Topical term or geographic name as entry element |
ARCHITECTURE / Design, Drafting, Drawing & Presentation. |
| Source of heading or term |
bisacsh |
| 700 1# - ADDED ENTRY--PERSONAL NAME |
| Personal name |
Garner, Steven W. |
| Fuller form of name |
(Steven William), |
| Relator term |
editor of compilation. |
| 700 1# - ADDED ENTRY--PERSONAL NAME |
| Personal name |
Evans, Chris, |
| Dates associated with a name |
1947- |
| Relator term |
editor of compilation. |
| 942 ## - ADDED ENTRY ELEMENTS (KOHA) |
| Source of classification or shelving scheme |
|